000 00807naa a22002417u 4500
001 18536
003 HDC
007 cr bn ---aaaaa
008 210227t xx 000 0 eng
040 _aHDC
245 0 _aMIHAS 2009 Goes Global
260 _a[No place] :
_b[publisher not identified],
_c[no year]
336 _atext
_2rdacontent
337 _acomputer
_2rdamedia
338 _aonline resource
_2rdacarrier
650 _aFood industry and trade
_xReligious aspects
_xIslam
_9149
650 _aHalal food industry
_zMalaysia
_9218
710 _aMALAYSIA SME
856 _zRequest full-text at [email protected]
942 _2lcc
942 _cEIJ
942 _kEMAG 000682
999 _c15852
_d15852